000 00959nam a2200253Ia 4500
999 _c35980
_d35980
001 1879
003 GE_BSU
005 20221007152657.0
008 181216s2006ru xx |||||||||||||| ||rus||
010 _a5797508036
040 _cGE_BSU
041 _arus
080 _a347.213 Б-43
100 _aБелов, В.В.
_915151
245 _aИнтеллекеуальная собственность законодательство и практика применения
_bПрактическое пособие /
_cВ.В. Белов, В.В. Ииталиев, Г.М. Денисов.
250 _a2-е изд. перер. идоп.
264 _aМосква :
_bЮристь,
_c2006.
300 _a351 с. :
_b21 см.
653 _aИнтеллекеуальная собственность
653 _aსამართალი
710 _aИиталиев, В.В.
_915152
710 _aДенисов, Г.М.
_915153
942 _cBK
_2udc